| 000 | 00505nam a2200181 a 4500 | ||
|---|---|---|---|
| 005 | 20250624063853.0 | ||
| 008 | 010615s1992 mx r 000 0 spa d | ||
| 020 | _a968638278X | ||
| 035 | _aUPN01000108421 | ||
| 049 | _aCG | ||
| 050 | 4 |
_aD5.5 _bV5.68 |
|
| 100 | 1 |
_aVilar, Pierre, _d1906- |
|
| 245 | 1 | 0 |
_aPensar la historia / _cPierre Vilar ; introd., trad. y notas de Norma de los Ríos. |
| 260 |
_aMéxico : _bInstituto Mora, _c1992. |
||
| 300 | _a123 p. | ||
| 650 | 4 |
_aHistoria _91690 |
|
| 905 | _aLibro | ||
| 999 |
_c82333 _d82333 |
||